[Event "RUS-ch Silent"]
[Site "Zelenograd"]
[Date "2022.04.16"]
[Round "9"]
[White "Matyushenko, Maxim"]
[Black "Bakurov, Viacheslav"]
[Result "1/2-1/2"]
[WhiteElo "1867"]
[BlackElo "1791"]
[PlyCount "72"]
[EventDate "2022.04.09"]
[EventType "swiss"]
[EventRounds "11"]
[EventCountry "RUS"]
[SourceTitle "EXT 2023"]
[Source "ChessBase"]
[SourceDate "2022.10.05"]
[SourceVersion "1"]
[SourceVersionDate "2022.10.05"]
[SourceQuality "1"]

1. e4 d6 2. d4 g6 3. Nc3 Bg7 4. f4 Nc6 5. Nf3 Bg4 6. Be3 Nf6 7. d5 Nb8 8. h3 Bxf3 9. Qxf3 Nbd7 10. 0-0-0 c5 11. g4 Qa5 12. Kb1 a6 13. Bd2 Qc7 14. h4 h5 15. gxh5 Nxh5 16. Ne2 b5 17. Bc3 b4 18. Bxg7 Nxg7 19. c4 bxc3 20. Qxc3 Rg8 21. Ng3 Qb6 22. h5 Nxh5 23. Nxh5 gxh5 24. Rxh5 Nf6 25. Rg5 0-0-0 26. Rxg8 Rxg8 27. Qc4 Kc7 28. e5 Ng4 29. Re1 a5 30. Qa4 Qb4 31. Qc6+ Kb8 32. Rc1 Qb7 33. Qa4 Qb4 34. Qd7 Qb7 35. Qa4 Qb4 36. Qc6 Qb7 1/2-1/2

[Event "RUS-ch Silent"]
[Site "Zelenograd"]
[Date "2022.04.12"]
[Round "4"]
[White "Matyushenko, Maxim"]
[Black "Oorzhak, Aldar"]
[Result "1-0"]
[WhiteElo "1867"]
[BlackElo "1800"]
[PlyCount "81"]
[EventDate "2022.04.09"]
[EventType "swiss"]
[EventRounds "11"]
[EventCountry "RUS"]
[SourceTitle "EXT 2023"]
[Source "ChessBase"]
[SourceDate "2022.10.05"]
[SourceVersion "1"]
[SourceVersionDate "2022.10.05"]
[SourceQuality "1"]

1. e4 e5 2. Nc3 Nc6 3. Bc4 Nf6 4. d3 Na5 5. Bb3 Nxb3 6. axb3 d6 7. f4 exf4 8. Bxf4 Be7 9. Nf3 0-0 10. 0-0 d5 11. e5 Nh5 12. Be3 Bg4 13. d4 g6 14. Qd2 f6 15. exf6 Bxf6 16. Ne5 Be6 17. Ne2 c6 18. Bh6 Re8 19. Ng3 Nxg3 20. hxg3 Bf5 21. Qf4 Bxe5 22. dxe5 Qd7 23. Rf2 Qe6 24. Re1 c5 25. g4 Bxg4 26. Ref1 Bf5 27. g4 Qxe5 28. Qxe5 Rxe5 29. gxf5 Rxf5 30. Rxf5 gxf5 31. Rxf5 Rd8 32. Kf2 b5 33. Ke2 a5 34. c3 b4 35. Kd3 bxc3 36. bxc3 c4+ 37. bxc4 dxc4+ 38. Kxc4 Rc8+ 39. Kb5 Ra8 40. Ka4 Kh8 41. Rf8+ 1-0

[Event "RUS-ch Silent"]
[Site "Zelenograd"]
[Date "2022.04.10"]
[Round "2"]
[White "Matyushenko, Maxim"]
[Black "Skorobogatykh, Andrey"]
[Result "1-0"]
[WhiteElo "1867"]
[BlackElo "1994"]
[PlyCount "73"]
[EventDate "2022.04.09"]
[EventType "swiss"]
[EventRounds "11"]
[EventCountry "RUS"]
[SourceTitle "EXT 2023"]
[Source "ChessBase"]
[SourceDate "2022.10.05"]
[SourceVersion "1"]
[SourceVersionDate "2022.10.05"]
[SourceQuality "1"]

1. e4 c5 2. f4 e6 3. Nf3 a6 4. d3 d5 5. Nc3 Nc6 6. g3 Nf6 7. e5 Nd7 8. Bg2 Be7 9. 0-0 0-0 10. Ne2 f6 11. exf6 Bxf6 12. c3 d4 13. Nd2 Nb6 14. Ne4 Be7 15. c4 e5 16. fxe5 Nxe5 17. Nf4 Bg4 18. Qc2 g5 19. Nd5 Rxf1+ 20. Kxf1 Nxd5 21. cxd5 h6 22. h3 Bh5 23. Kg1 Bf7 24. Bd2 Rc8 25. Rf1 b5 26. d6 Bxd6 27. Ba5 Bc7 28. Qxc5 Nxd3 29. Qf5 Ne5 30. Nf6+ Kg7 31. Qh7+ Kf8 32. Bb4+ Bd6 33. Bxd6+ Qxd6 34. Qh8+ Ke7 35. Qxc8 d3 36. Qb7+ Kf8 37. Ng4 1-0

[Event "RUS-ch Silent"]
[Site "Zelenograd"]
[Date "2020.10.09"]
[Round "7"]
[White "Trufanov, Alexey"]
[Black "Matyushenko, Maxim"]
[Result "0-1"]
[WhiteElo "1852"]
[BlackElo "1878"]
[PlyCount "78"]
[EventDate "2020.10.03"]
[EventType "swiss"]
[EventRounds "11"]
[EventCountry "RUS"]
[SourceTitle "EXT 2022"]
[Source "ChessBase"]
[SourceDate "2021.10.06"]
[SourceVersion "1"]
[SourceVersionDate "2021.10.06"]
[SourceQuality "1"]

1. d4 f5 2. c4 Nf6 3. Nc3 g6 4. Nf3 Bg7 5. g3 d6 6. Bg2 0-0 7. 0-0 Qe8 8. Re1 Qf7 9. d5 h6 10. Rb1 c5 11. dxc6 Nxc6 12. Nd5 Nxd5 13. cxd5 Nb4 14. Nd4 Bxd4 15. Qxd4 Nc2 16. Qc3 Nxe1 17. Qxe1 Kh7 18. Be3 b6 19. h4 Bd7 20. Qd2 h5 21. Rc1 Rac8 22. Bd4 Rxc1+ 23. Qxc1 Rc8 24. Qd2 e5 25. dxe6 Bxe6 26. a3 Bd5 27. Bxd5 Qxd5 28. Bc3 Qxd2 29. Bxd2 Rc2 30. Bf4 Rxe2 31. Bxd6 Rxb2 32. Kg2 Kg7 33. Kf3 Kf7 34. Ke3 a6 35. f3 b5 36. Kf4 Rb3 37. g4 fxg4 38. fxg4 hxg4 39. Kxg4 a5 0-1

[Event "RUS-ch Silent"]
[Site "Zelenograd"]
[Date "2020.10.07"]
[Round "5"]
[White "Skorobogatykh, Andrey"]
[Black "Matyushenko, Maxim"]
[Result "1-0"]
[WhiteElo "2071"]
[BlackElo "1878"]
[PlyCount "75"]
[EventDate "2020.10.03"]
[EventType "swiss"]
[EventRounds "11"]
[EventCountry "RUS"]
[SourceTitle "EXT 2022"]
[Source "ChessBase"]
[SourceDate "2021.10.06"]
[SourceVersion "1"]
[SourceVersionDate "2021.10.06"]
[SourceQuality "1"]

1. e4 c5 2. Nf3 d6 3. Nc3 Nf6 4. d4 cxd4 5. Nxd4 g6 6. Be3 Bg7 7. f3 0-0 8. Qd2 Nc6 9. Bc4 Bd7 10. 0-0-0 Rc8 11. Bb3 Ne5 12. Kb1 Nc4 13. Bxc4 Rxc4 14. g4 b5 15. h4 b4 16. Nce2 a5 17. h5 e5 18. Nb3 a4 19. Nbc1 Qc8 20. Qxd6 Rxc2 21. h6 Bh8 22. g5 b3 23. axb3 axb3 24. Nc3 Be6 25. gxf6 Bxf6 26. Qc5 Qa6 27. Qb6 Qc4 28. Qc5 Qa6 29. Qb5 Qc8 30. Nxb3 Rxc3 31. bxc3 Qxc3 32. Rd3 Qc7 33. Rc1 Rb8 34. Rxc7 Rxb5 35. Kc2 Kf8 36. Nc5 Be7 37. Nxe6+ fxe6 38. Rdd7 1-0

[Event "RUS-ch Silent"]
[Site "Zelenograd"]
[Date "2020.10.05"]
[Round "3"]
[White "Spassky, Mikhail"]
[Black "Matyushenko, Maxim"]
[Result "1/2-1/2"]
[WhiteElo "1142"]
[BlackElo "1878"]
[PlyCount "80"]
[EventDate "2020.10.03"]
[EventType "swiss"]
[EventRounds "11"]
[EventCountry "RUS"]
[SourceTitle "EXT 2022"]
[Source "ChessBase"]
[SourceDate "2021.10.06"]
[SourceVersion "1"]
[SourceVersionDate "2021.10.06"]
[SourceQuality "1"]

1. d4 f5 2. Nf3 Nf6 3. c4 g6 4. Nc3 Bg7 5. g3 d6 6. Bg2 0-0 7. 0-0 Qe8 8. Re1 Qf7 9. Qb3 h6 10. e4 fxe4 11. Nxe4 Nxe4 12. Rxe4 Bf5 13. Re3 Bc8 14. Bd2 Nc6 15. Bc3 e5 16. dxe5 Bxe5 17. Bxe5 Nxe5 18. Nxe5 Qxf2+ 19. Kh1 dxe5 20. Rf1 Qxf1+ 21. Bxf1 Rxf1+ 22. Kg2 Rf7 23. Rxe5 b6 24. Re8+ Kh7 25. c5 Bb7+ 26. Kg1 Rg7 27. Rxa8 Bxa8 28. Qa4 a5 29. Qb5 Be4 30. cxb6 cxb6 31. Qxb6 a4 32. b3 axb3 33. axb3 Rb7 34. Qd4 Bc6 35. Qd6 Be4 36. b4 h5 37. Kf2 Rf7+ 38. Ke3 Bb7 39. Kd4 Kg7 40. Kc5 Bf3 1/2-1/2

[Event "RUS-ch Silent"]
[Site "Zelenograd"]
[Date "2018.10.31"]
[Round "8"]
[White "Matyushenko, Maxim"]
[Black "Tubakin, Leonid"]
[Result "1/2-1/2"]
[WhiteElo "1779"]
[BlackElo "1896"]
[PlyCount "83"]
[EventDate "2018.10.25"]
[EventType "swiss"]
[EventRounds "11"]
[EventCountry "RUS"]
[SourceTitle "EXT 2020"]
[Source "ChessBase"]
[SourceDate "2019.10.17"]
[SourceVersion "1"]
[SourceVersionDate "2019.10.17"]
[SourceQuality "1"]

1. e4 Nc6 2. Nc3 e6 3. d4 d5 4. e5 Bb4 5. f4 Nge7 6. Be3 Nf5 7. Bf2 g5 8. fxg5 Qxg5 9. Nf3 Qg7 10. Qd2 Bd7 11. 0-0-0 0-0-0 12. Rg1 h5 13. Bd3 Nfxd4 14. Bxd4 Nxd4 15. Nxd4 c5 16. a3 cxd4 17. axb4 dxc3 18. Qxc3+ Kb8 19. b3 Rc8 20. Qd4 Rc7 21. Kb2 Qg4 22. c3 Rg8 23. g3 Qh3 24. Qf2 Be8 25. Rd2 Qg4 26. Rf1 Qg5 27. Qf4 Qd8 28. Be2 Rg5 29. h4 Rf5 30. Qe3 Rxf1 31. Bxf1 f6 32. exf6 Qxf6 33. Rf2 Qg7 34. Qd4 Qxg3 35. Rf8 Rc8 36. Bd3 Qh2+ 37. Bc2 Qg3 38. Qh8 e5 39. Rxe8 Qxc3+ 40. Ka2 Qxc2+ 41. Ka3 Qc1+ 42. Ka2 1/2-1/2